| 000 | 00975naa a22002777a 4500 | ||
|---|---|---|---|
| 001 | BR9405713 | ||
| 003 | BR-BrBNA | ||
| 005 | 20240918181251.0 | ||
| 007 | ta | ||
| 008 | 230509b bl.||||| |||| 00| 0 por d | ||
| 040 |
_aBR-BrBNA _bpor _cBiblioteca Nacional de Agricultura |
||
| 041 | _a(Pt) | ||
| 072 | _aP33; P30 | ||
| 090 | _aP33 BR9405713 | ||
| 100 | 1 | _aPereira, J.R. | |
| 245 | 1 | _aAlteracoes nas caracteristicas quimicas de um oxisol em funcao do manejo de solo e agua | |
| 260 | 3 |
_aPetrolina, PE (Brasil): _c1977. |
|
| 500 | _aResumo de atividades de pesquisa no. 1, vol. 1-2, 1977 Petrolina, PE (Brasil): 1977. v. 2 p. 138-141 (BR9405713-AM)P33 | ||
| 650 | _aOxisol | ||
| 650 | _aQuimica do Solo | ||
| 650 | _aManejo do Solo | ||
| 650 | _aManejo de Agua | ||
| 773 | 0 |
_tResumo de atividades de pesquisa no. 1, vol. 1-2, 1977 _wP33 BR9405713 _gPetrolina, PE (Brasil), 1977. v. 2 p. 138-141 |
|
| 909 |
_a202404 _bLucia _c55 _dLucia Elande |
||
| 942 |
_cAM _2AGRIS |
||
| 999 |
_c324443 _d324443 |
||